Music Quiz

Random Music or Artist Quiz

Artists With 3 Top 10s by Initials - 2000s Quiz Stats

Quiz not verified by Sporcle

Stage names like Lady Gaga, Snoop Dogg, Ja Rule, T.I., etc omitted
Score 0/23 Timer 10:00
0 Plays Today
Init Artist % Correct
JTJustin Timberlake
89.2%
BSBritney Spears
73.5%
MCMariah Carey
72.3%
JJJanet Jackson
68.3%
CAChristina Aguilera
67.1%
KCKelly Clarkson
66.2%
CUCarrie Underwood
63.7%
JLJennifer Lopez
62.5%
KPKaty Perry
60.9%
RKR. Kelly
58.5%
NFNelly Furtado
54.5%
AKAlicia Keys
52.9%
Init Artist % Correct
TSTaylor Swift
52.6%
KWKanye West
48%
CBChris Brown
47.1%
FHFaith Hill
44.9%
GSGwen Stefani
36.3%
ALAvril Lavigne
31.7%
SPSean Paul
28.3%
MEMissy Elliott
27.1%
SKSean Kingston
25.5%
MCMiley Cyrus
20.3%
JSJordin Sparks
18.5%

You're not logged in!

Compare scores with friends on all Sporcle quizzes.
Sign Up with Email
OR
Log In

You Might Also Like...

Show Comments

Extras

Top Quizzes Today


Score Distribution

Your Account Isn't Verified!

In order to create a playlist on Sporcle, you need to verify the email address you used during registration. Go to your Sporcle Settings to finish the process.